000 00304nam a2200109Ia 4500
008 220204s9999 xx 000 0 und d
082 _a681.31MCS
_bSIR
100 _aSirockman, Janson
245 0 _aMCSE training guide : windows NT server 4 enterprise
260 _aNew Delhi
_bTechmedia
_c1997
942 _cBK
999 _c43907
_d43907